Countries with the highest percentage of millionaires - Statistics

General Stats
  • This quiz has been taken 110 times
  • The average score is 25 of 28
Answer Stats
% Country % Correct
9,7 United States
99%
3,2 Japan
97%
11,2 Australia
96%
7,3 Sweden
96%
5,4 United Kingdom
96%
5,6 France
94%
5,6 Norway
94%
15,5 Switzerland
94%
8,5 Denmark
93%
2,3 Finland
93%
16,3 Luxembourg
93%
8,5 Netherlands
93%
3,7 Austria
92%
7,6 Canada
92%
3,9 Germany
92%
2,8 Italy
92%
6,5 Belgium
91%
3 Spain
91%
9,6 New Zealand
90%
3 South Korea
90%
4,8 Ireland
87%
10 Singapore
87%
2,1 United Arab Emirates
82%
1,7 Portugal
79%
4,4 Taiwan
79%
3,2 Kuwait
70%
3,6 Israel
69%
1,3 Saudi Arabia
64%
No matching quizzes found
Score Distribution
Percent of People with Each Score
Percentile by Number Answered
Your Score History
You have not taken this quiz